000
00277nam a22001217a 4500
008
171018b xxu||||| |||| 00| 0 eng d
041
_a
eng
080
_2
3RD
_a
338
100
_a
53
101
_a
MEN
245
_a
PROFESSIONAL MEETING MANAGEMENT
_c
POLIVKA.E.G
942
_2
udc
_c
BK
999
_c
34729
_d
34729